| 000 -LEADER |
| fixed length control field |
00825nam a22001577a 4500 |
| 003 - CONTROL NUMBER IDENTIFIER |
| control field |
OSt |
| 005 - DATE AND TIME OF LATEST TRANSACTION |
| control field |
20151204103419.0 |
| 008 - FIXED-LENGTH DATA ELEMENTS--GENERAL INFORMATION |
| fixed length control field |
151204b xxu||||| |||| 00| 0 eng d |
| 040 ## - CATALOGING SOURCE |
| Transcribing agency |
RUA |
| 082 ## - DEWEY DECIMAL CLASSIFICATION NUMBER |
| Classification number |
FIS PHA 2004 B176 Or.1 |
| 100 ## - MAIN ENTRY--PERSONAL NAME |
| 9 (RLIN) |
4259 |
| Personal name |
PHANN, KIM. |
| 245 ## - TITLE STATEMENT |
| Title |
knowledge and experiince on management of mangrove resource in koh sralao community, koh kapic commune, koh kong district and koh kong province (ចំណេះដឹង និង បទពិសោធន៍លើការគ្រប់គ្រងធនធានព្រៃកោងកាង ក្នុង សហគមន៍ភូមិកោះស្រឡៅឃុំកោះកាពិ ស្រុកកោះកុង ខេត្តកោះកុង) |
| 260 ## - PUBLICATION, DISTRIBUTION, ETC. (IMPRINT) |
| Place of publication, distribution, etc. |
Phnom Penh |
| Name of publisher, distributor, etc. |
RUA |
| Date of publication, distribution, etc. |
2004 |
| 300 ## - PHYSICAL DESCRIPTION |
| Extent |
x, 51p. |
| Other physical details |
ill. |
| Dimensions |
29cm. |
| 942 ## - ADDED ENTRY ELEMENTS (KOHA) |
| Source of classification or shelving scheme |
|
| Koha item type |
FIS |